Vista normal Vista MARC

Entrada Personal Name

Número de registros utilizados en: 1

001 - CONTROL NUMBER

  • control field: 13615

003 - CONTROL NUMBER IDENTIFIER

  • control field: OSt

005 - DATE AND TIME OF LATEST TRANSACTION

  • control field: 20210218104910.0

008 - FIXED-LENGTH DATA ELEMENTS

  • fixed length control field: 210218|| aca||aabn | a|a d

040 ## - CATALOGING SOURCE

  • Original cataloging agency: OSt
  • Transcribing agency: OSt

100 ## - HEADING--PERSONAL NAME

  • Personal name: Reina Palazón, Luis Reina

670 ## - SOURCE DATA FOUND

  • Source citation: Work cat.: (OSt): Celan, Paul, 1920-1970 autor 13613, Antología poética / , 2006